Recopilación de reglamentos con índices por ministerios y materias. Se incluyen además los decretos que fijan el texto refundido o definitivo de leyes o decretos orgánicos, como también todos los decretos supremos de interés general y permanente
Gardado en:
| Autor Corporativo: | |
|---|---|
| Formato: | Libro |
| Idioma: | Lingua castelá |
| Publicado: |
Santiago
Contraloría General de la República
1949
|
| Subjects: | |
| Tags: |
Engadir etiqueta
Sen Etiquetas, Sexa o primeiro en etiquetar este rexistro!
|
MARC
| LEADER | 00000nam a2200000 a 4500 | ||
|---|---|---|---|
| 001 | UCR0728 | ||
| 003 | CL-VaPUC | ||
| 008 | 971205e19490000CL |||||||||||||||||spa|d | ||
| 082 | 0 | 4 | |a 348.025 |b CON |2 21 |
| 110 | 2 | |a Contraloría General de la República |e author |9 396926 | |
| 245 | 1 | 0 | |a Recopilación de reglamentos con índices por ministerios y materias. Se incluyen además los decretos que fijan el texto refundido o definitivo de leyes o decretos orgánicos, como también todos los decretos supremos de interés general y permanente |
| 300 | |a t | ||
| 942 | |c BK | ||
| 945 | |d 19971205 00:00:00 |a lriquelm | ||
| 260 | |a Santiago |b Contraloría General de la República |c 1949 | ||
| 500 | |a Comprende el período que media entre el mes de julio de 1948 y el mismo mes de 1949 | ||
| 500 | |a Donación profesor Fernando Recio Olguín | ||
| 650 | 7 | |a LEGISLACION |2 CL-VaPUC |9 396927 | |
| 650 | 7 | |a FUENTES |2 CL-VaPUC |9 255666 | |
| 650 | 7 | |a DERECHO CHILENO |2 CL-VaPUC |9 396928 | |
| 650 | 7 | |a DECRETOS SUPREMOS |2 CL-VaPUC |9 396008 | |
| 650 | 7 | |a MINISTERIOS |2 CL-VaPUC |9 351934 | |
| 650 | 7 | |a DECRETOS ORGANICOS |2 CL-VaPUC |9 396929 | |
| 650 | 7 | |a TEXTOS REFUNDIDO |2 CL-VaPUC |9 396930 | |
| 651 | 7 | |a CHILE |2 CL-VaPUC |9 396931 | |
| 583 | |a last modification |c 20140410 10:23:23 |k Rodrigo Vera | ||
| 999 | |c 264227 |d 264225 | ||
| 952 | |0 0 |1 0 |4 0 |6 348_025000000000000_CON_1949 |7 0 |8 F |9 294218 |a BIBDER |b BIBDER |d 2019-11-19 |h t.3 |i 1912879 |o 348.025 CON 1949 |p 1912879 |r 2023-01-25 |w 2019-11-19 |y BK_F |k DER | ||
| 952 | |0 0 |1 0 |4 0 |6 348_025000000000000_CON_1949 |7 0 |8 X |9 294219 |a BIBHIS |b BIBHIS |d 2019-11-19 |h t.3 |i 2127903 |o 348.025 CON 1949 |p 2127903 |r 2024-01-30 |w 2019-11-19 |y BK_X |k HIS | ||